[Event "Tata Steel-B 73rd"]
[Site "Wijk aan Zee"]
[Date "2011.01.28"]
[Round "11"]
[White "Hammer, Jon Ludvig"]
[Black "Le, Quang Liem"]
[Result "0-1"]
[WhiteElo "2647"]
[BlackElo "2664"]
[Annotator "Le Quang Liem"]
[PlyCount "78"]
[EventDate "2011.01.14"]
[EventType "tourn"]
[EventRounds "13"]
[EventCountry "NED"]
[EventCategory "17"]
[SourceTitle "CBM 141"]
[Source "ChessBase"]
[SourceDate "2011.03.17"]
[SourceVersion "1"]
[SourceVersionDate "2011.03.17"]
[SourceQuality "1"]

{This game was played in round 11, when I was on "plus one" and had been just
back in a winning streak after a disastrous start. Hammer was not performing
at his best in the tournament either. So, in general I felt quite confident
before the game.} 1. Nf3 Nf6 2. c4 g6 3. Nc3 Bg7 4. e4 c5 5. d4 cxd4 6. Nxd4 {
This position with the Maroczy structure is usually seen via another opening:
the Accelerated Dragon in the Sicilian.} Nc6 7. Nc2 {It makes sense for White
to avoid exchanging some pieces, as he has a space advantage and a more
pleasant life. But, on the other hand, he loses several tempi moving his
knight to a less active square.} (7. Be3 {is the main line.}) 7... O-O 8. Be2
d6 9. O-O a6 {So far everything looks normal for this kind of position. White
controls the centre, while Black tries to undermine it. Now both sides
manoeuvre with their pieces.} 10. Be3 Rb8 {Preparing ...b5 at an appropriate
moment. Usually Black needs to play Qa5 to support the b5-break.} 11. f3 {
Defending e4 in advance, thus increasing the pressure on the b5-square.} Be6
12. Qd2 Nd7 13. Rab1 {Preventing ...Qa5. White is now ready to start
activities on the queenside. Black can not play ...b5, so the only logical
counterplay is to go for ...f5} f5 14. exf5 Bxf5 15. Rbc1 {The rook has
nothing to do on b1 now, so White changes his plan.} ({Less accurate is} 15.
Rbd1 {because of} Qa5 16. Nd4 Nxd4 17. Bxd4 Bxd4+ 18. Qxd4 Qc5 {The endgame is
OK for Black.}) 15... Qa5 16. Qd5+ (16. b4 $1 {is stronger:} Qe5 17. Nd5 Bxc2 (
17... e6 $2 18. Ne7+ $1 Nxe7 19. Bd4 {traps the queen.}) 18. Rxc2 e6 19. f4 Qf5
20. Bd3 $14 {White is better thanks to his bishop pair and space advantage.
Black's pawn structure is more weakened as well.}) 16... Kh8 {After some time
considering this move and 16...Rf7, I preferred this one.} (16... Qxd5 17. cxd5
Nce5 18. Nd4 Rfc8 19. Rfd1 Nf6 {The computer says this is equal, but during
the game I thought it would be unpleasant to play for Black. Practically
speaking, it is much easier to play with White here.}) ({I was very unsure
about} 16... Rf7 17. Qxa5 Nxa5 18. Nd4 Nc6 19. Nxf5 {, when Black has to
recapture with his rook} Rxf5 (19... gxf5 20. c5) 20. Rfd1 {and to me it looks
better for White.}) 17. Qxa5 Nxa5 18. Nd4 Nc6 19. Nxf5 gxf5 {My idea was to
take with the pawn, in order to gain some space. In this position if White can
manage to play f4 and preserve his bishop pair, then he definitely stands
better. However, unfortunately for White, he does not have enough time for
that. That's why I went for Kh8 instead of Rf7.} 20. Rfd1 (20. f4 Bd4 21. Bxd4+
Nxd4 22. Rfd1 e5 {looks fine for Black.}) 20... f4 21. Bf2 Nc5 {Following the
tempting plan to exchange the bishops.} 22. b3 Ne6 23. Bd3 Bd4 24. Be4 Bxf2+
25. Kxf2 Nc5 {Objectively speaking, White must be slightly better here. Black
has achieved his aim - to exchange the bishops, but White's remaining bishop
is still strong. Black's pawns on f4 and e7 are a little bit vulnerable as
well.} 26. Bd5 $6 {The bishop stands very nicely here, but it creates no
threat.} (26. Bb1 $5 {deserves attention, with the idea to leave d5-square for
the knight. Then White can play g4 (or g3) to open the kingside if he wishes.})
26... Nb4 27. Ke2 $6 {This move is really strange. White's king should just go
back to g1 or f1, leaving the e- and d-files for the rooks.} Rf5 28. Rd2 Rh5
29. Kf1 $6 {I did not understand why my opponent sacrificed the pawn for
nothing - while he could keep it. Of course this inaccuracy does not make
White losing, but it eliminates White's winning chances. Now he has to fight
for a draw.} (29. h3 Re5+ {Black is probably not worse anymore, since he
provokes some weaknesses for White as well. But for sure with such a solid
position, White can not be worse either.}) 29... Rxh2 30. Kg1 Rh6 (30... Rh5 {
is not correct because of} 31. Re1 Re5 32. Rxe5 dxe5 33. Ne4 {with an
approximately equal position.}) 31. Re1 e5 (31... e6 32. Be4 e5 33. Red1 Rd8
34. Kf2 {White has compensation to maintain the balance, but not more.}) 32.
Red1 Rd8 33. Ne4 Nxd5 34. Nxc5 $2 ({Correct is} 34. Rxd5 Nxe4 35. fxe4 Rg6 36.
Kf1 Rc8 37. Rxd6 b5 {, when it seems to be very drawish.}) 34... Ne3 35. Re1 $2
({White's only defence is} 35. Nxb7 Rd7 36. Nc5 Rg7 37. Ne4 Rhg6 38. Rc1 {
, where there are some drawing chances left.}) 35... b5 $1 36. cxb5 axb5 $17 {
Now Black is just a healthy pawn up. Moreover, the attack on the kingside
still exists.} 37. Nd3 Rg8 38. Nb4 Nf5 39. Rc1 Nd4 {With huge pressure on the
board and on the clock, my opponent failed to make the time control. The final
position is probably already lost. With this win I scored "plus two" the first
time in the tournament, and managed to keep that till the end.} 0-1

[Event "EU-ch 12th"]
[Site "Aix les Bains"]
[Date "2011.03.30"]
[Round "8"]
[White "Hammer, Jon Ludvig"]
[Black "Mamedov, Rauf"]
[Result "0-1"]
[WhiteElo "2606"]
[BlackElo "2667"]
[Annotator "Marchand,A/Primel,D"]
[PlyCount "86"]
[EventDate "2011.03.22"]
[EventType "swiss"]
[EventRounds "11"]
[EventCountry "FRA"]
[SourceTitle "CBM 142 Extra"]
[Source "ChessBase"]
[SourceDate "2011.06.27"]
[SourceVersion "1"]
[SourceVersionDate "2011.06.27"]
[SourceQuality "1"]
[TimeControl "40/5400+30:1800+30"]

1. d4 d6 2. Nf3 g6 3. c4 Bg7 4. Nc3 Nf6 5. e4 O-O 6. Be2 c5 7. O-O cxd4 8. Nxd4
Nc6 9. Nc2 $5 (9. Be3 {La grande ligne} Bd7 10. Qd2 Nxd4 11. Bxd4 Bc6 12. f3 a5
13. b3 Nd7 14. Be3 Nc5 15. Rab1 Qb6 16. Rfc1 Rfc8 17. Rc2 Qd8 (17... Qb4 18.
Qc1 $14 {[%csl Rb4]})) 9... Nd7 {[%cal Gg7c3]} 10. Bd2 (10. Be3 Bxc3 11. bxc3
Qa5 $11) 10... a5 (10... b6 11. Rc1) 11. Kh1 Nc5 12. f3 a4 13. Rc1 Be6 14. Be3
(14. Na3 Qb6 15. Rb1 f5 16. Be3 Qa5 17. exf5 Bxf5 18. Rc1 Nb4 19. Nd5 Nxd5 20.
cxd5 Bxb2 21. Nc4 Bxc1 22. Nxa5 Bxe3 23. Nc4 Bg5 24. Nb6 Ra5 25. g4 Bd7 26. Qe1
Bb5 27. Qxa5 Bxe2 28. Qe1 Bxf3+ {Bacrot,E (2713)-Felgaer,R (2573)/Caleta 2010/
CBM 134 Extra/1/2-1/2 (54)}) 14... Ne5 $146 (14... Qb6 {Popovic,P (2545)
-Velimirovic,D (2485) YUG-ch playoff 1997 (1) 1-0}) 15. Na3 Nc6 16. Qd2 Qa5 17.
Nab5 Ne5 (17... a3 18. Nxa3 Bxc3 19. Qxc3 (19. Rxc3 Na4) 19... Qxc3 20. Rxc3
Na4 21. Rc2 Nxb2 $1) 18. Nd5 Bxd5 19. Qxd5 (19. cxd5 Ned3 $132 {[%csl Rb2,Rc1]}
) 19... Nc6 20. Rb1 Nb4 $1 {[%cal Gb4d5,Gb4a2]} 21. Qd1 Qd8 (21... Nxa2 22. Bd2
) 22. a3 Nc6 23. Qc2 Qa5 24. Rbd1 Rac8 25. Rd5 Ne5 26. f4 (26. Bg5 $142 $5 Rfe8
27. f4 Ned7 28. Bg4 $36 {[%csl Gg4,Gg5][%cal Gg4c8]}) 26... Ned7 27. Bg4 Nf6
28. Bxc8 Nxd5 29. exd5 Rxc8 30. Bxc5 Rxc5 31. Qe2 {[%csl Re7]} Qd8 32. Rc1 (32.
Re1) 32... Qc8 33. Rc2 Qf5 34. g3 h5 (34... g5 $36) 35. Kg2 h4 36. Rd2 Bf6 37.
Nc3 h3+ $36 38. Kf3 Bxc3 39. bxc3 b5 40. Rd4 $2 (40. g4) 40... Rxc4 41. Rd3 g5
42. Qe3 gxf4 43. g4 Qe5 0-1

[Event "Bundesliga 0405"]
[Site "Germany"]
[Date "2005.03.12"]
[Round "12.6"]
[White "Graf, Alexander"]
[Black "Fish, Gennadij"]
[Result "0-1"]
[WhiteElo "2646"]
[BlackElo "2523"]
[Annotator "Meyer,CD/Fish"]
[PlyCount "70"]
[EventDate "2004.11.12"]
[EventType "team-tourn"]
[EventRounds "15"]
[EventCountry "GER"]
[SourceTitle "CBM 106"]
[Source "ChessBase"]
[SourceDate "2005.06.06"]
[SourceVersion "1"]
[SourceVersionDate "2005.06.06"]
[SourceQuality "1"]
[WhiteTeam "Porz"]
[BlackTeam "Werder Bremen"]
[WhiteTeamCountry "GER"]
[BlackTeamCountry "GER"]

1. c4 Nf6 2. Nc3 c5 3. Nf3 g6 4. d4 cxd4 5. Nxd4 Nc6 6. Nc2 Bg7 7. e4 a6 $5 ({
Ein sehr seltener Zug im "beschleunigten Drachen (Maroczy)", dessen
Ausgangsstellung oft via 1.e4 c5 2.Nf3 Nc6 3.d4 cxd4 4.Nxd4 g6 5.c4 Bg7 6.Nc2
d6 (7.Be2 Nf6 8.Nc3 Nd7) erreicht wird. Statt des Textzuges, der tatsächlich
eine Eingebung am Brett war, ist nun} 7... d6 8. Be2 Nd7) ({oder} 7... O-O 8.
Be2 b6 (8... d6 9. O-O Nd7) 9. O-O Bb7 10. Bg5 {(10.f3) üblich.}) 8. Bd2 ({
Jedoch nicht} 8. Be2 {wegen} b5 {(} 9. cxb5 axb5 10. Bxb5 $2 Nxe4 11. Nxe4 Qa5+
12. Nc3 Bxc3+ 13. bxc3 Qxb5 {).}) 8... O-O 9. Be2 Rb8 10. Rc1 $6 ({Provoziert
die folgenden Befreiungsschläge. Weiß war besser beraten, den lästigen Hebel
b5 zu erschweren, z.B. mit} 10. f3 $5 {:} Ne8 (10... b5 $6 11. cxb5 axb5 12.
Bxb5 (12. Nxb5 d5)) 11. Rb1 Nc7 12. a4 a5 13. Be3 b6 $14 {Sturua-Nemet, Bern
op 1999}) 10... b5 $1 11. cxb5 axb5 12. b4 (12. Bxb5 $2 Nxe4) 12... d5 $5 {
Fish opfert mutig einen Bauern, um das gegnerische Bauernzentrum vollends zu
beseitigen, die Konsequenzen indes sind am Brett freilich nicht genau
abzusehen.} 13. exd5 Nxd5 14. Nxb5 Ba6 15. a4 Bxb5 16. Bxb5 Nc3 {Nach der
letzten, durchaus einleuchtenden Zugsequenz begeht Weiß nun den ersten
schwerwiegenden Fehler.} 17. Qf3 $2 ({Erforderlich war das einlenkende} 17.
Bxc3 $8 Bxc3+ 18. Ke2 {nebst für beide Spieler kniffligen Fragen:} (18. Kf1 $6
Na7 $1 (18... Nxb4 19. Qxd8 Rfxd8 20. Nxb4 Bxb4 21. g3) 19. Be2 Bxb4 20. Nxb4
Rxb4) 18... Qc8 $1 (18... Qb6 $6 19. Qd3 Bb2 (19... Bxb4 $2 20. Nxb4 Nxb4 21.
Qc4 Qa5 22. Rb1 Na6 23. Rhc1) 20. Rcd1 Rfd8 21. Qb3 Nd4+ 22. Nxd4 Bxd4 23. Rd3
Qf6 24. Rf3 Qe5+ 25. Kf1 e6 26. g3 {/\Kg2}) (18... Qc7 19. Qd5 Nxb4 20. Nxb4
Rfd8 21. Qe4 Rd2+ 22. Kf1 (22. Kf3 Qc5 23. Nd3 Qh5+ 24. Kg3 Rxb5 25. axb5 Qg5+
(25... Rxd3+ $4 26. Qxd3 Be5+ 27. f4 Qg5+ 28. Kf3 Qxf4+ 29. Ke2 Qg4+ 30. Qf3)
26. Kh3 Qh5+ 27. Qh4 Rxd3+ 28. g3 Qxb5 $11) 22... Rxb5 23. axb5 Qd7 24. g3
Qxb5+ 25. Kg2 Qxb4 26. Qxb4 Bxb4 $11) (18... Nxb4 $6 19. Ne3) 19. Qd5 (19. Kf1
$6 Rd8 20. Qe2 Bd2 21. Rd1 {/Rb1} Nxb4) (19. Qd3 Nxb4 20. Nxb4 Qe6+ 21. Qe3
Qg4+ {usw. wie Text =}) 19... Nxb4 20. Nxb4 Qg4+ 21. Qf3 Qe6+ (21... Qxf3+ 22.
Kxf3 Bxb4) 22. Qe3 Qg4+ $11 {mit Stellungswiederholung}) 17... Ne5 $1 18. Qxc3
(18. Qe3 $4 Nxb5 $19) 18... Rxb5 19. Ke2 $6 ({Das ominöse Feld d3 fällt
sowieso in feindliche Hände, daher bot} 19. O-O {zumindest eine sichere Bleibe
für den König:} Rd5 $1 20. Be1 $5 Nd3 21. Qc4 $5 Nxc1 22. Ne3 Rd1 23. Qc2 Rd3 {
/Rd6} 24. Qxc1 Qd7 $17 {. Aber Graf bleibt ziemlich optimistisch, läßt seine
exponierte Majestät am Kampf teilhaben und hofft auf seine beiden Freibauern.})
19... Rd5 20. Rcd1 $2 ({Das sollte rasch verlieren. Zäher, wenngleich auf
Dauer auch nicht haltbar, erscheint die weiße Stellung nach} 20. Be3 Nd3 21.
Qc6 (21. Qb3 Nxc1+ 22. Rxc1 Qd6) 21... Nxc1+ 22. Rxc1 {mit freiwilliger
Qualitätshergabe, z.B.} e6 23. a5 (23. g3 Qb8 {- /\Rc8 -} 24. Bf4 Be5) 23...
Qh4 24. h3 Rfd8 25. Kf1 Bf8 26. Qc3 (26. Kg1 Bxb4 27. Nxb4 Qxb4 28. a6 Rd1+ 29.
Rxd1 Rxd1+ 30. Kh2 Qd6+ 31. Qxd6 Rxd6 32. a7 Ra6 $19) (26. b5 $2 Qa4 $19) 26...
Rd3 27. Qa1 Qc4 28. Kg1 Bg7 29. Qb1 (29. Ne1 Qb3) 29... Rb3 30. Qa2 Rc3 31.
Qxc4 Rxc4 {/\Bb2-+.}) 20... Qa8 $5 ({Hier gab es zwei forciertere
Fortsetzungen, wobei besonders Variante II besticht: I} 20... Nd3 $1 21. Qb3 (
21. Qc6 Nxf2 $1) 21... Nxf2 $1 22. Ne3 Rd3 23. Qc2 Nxd1 24. Rxd1 Rd6 $19) ({II
} 20... Qd7 $3 21. Ne3 Qxa4 22. Nxd5 Qb5+ 23. Ke1 (23. Ke3 Qxd5 $19) 23... Nd3+
24. Ke2 (24. Kf1 Nf4+ 25. Kg1 Ne2+ 26. Kf1 Ng3+ 27. Kg1 Qf1+ 28. Rxf1 Ne2#)
24... Nf4+ $19 (24... Nc1+ $19)) 21. Be3 ({Das Thema} 21. Ne3 $2 Qxa4 22. Nxd5
Qb5+ {etc. kennen wir bereits.}) 21... Rc8 ({Auch} 21... Rfd8 $5 {kam sehr in
Frage.}) 22. Qb3 Rxd1 23. Rxd1 Qxg2 24. Ne1 ({Oder} 24. Nd4 {und z.B.} Qg4+ 25.
f3 (25. Ke1 Rd8 $1 {/\Rxd4}) 25... Qg2+ 26. Bf2 Bf6 $40 {/\Bh4, Rc4 mit
unwiderstehlichem Angriff}) 24... Qxh2 25. b5 Qh5+ 26. f3 Qh2+ 27. Bf2 Bf6 28.
Rd4 $2 ({Erliegt dem permanenten Druck. Allein zu versuchen war} 28. Kf1 $8 {
(28.Qb4? Rc4-+), z.B.} Qh3+ (28... Bh4) 29. Ke2 Ng4 $17 30. Nd3 (30. b6 Nxf2
31. b7 Nxd1 32. bxc8=Q+ Qxc8 33. Kxd1 {/Qxd1} h5 $19) 30... Nxf2 31. Nxf2 Qg3 (
31... Qh2 32. b6 Bh4 33. Rf1 Bxf2 34. Rxf2 Qe5+ 35. Kd1 Qa1+ 36. Ke2 Rc3 $19)
32. Rd2 Rc3 33. Qd5 Ra3 34. Qe4 Bg5 $19) 28... Nc6 $1 $19 {Dieser
Teufelsrappen schlägt zum zweiten ...} 29. Re4 Nd4+ {und zum dritten Mal aus!}
30. Rxd4 Bxd4 31. Nd3 Rc3 32. Qd1 Rxd3 33. Kxd3 Qxf2 34. Kc4 Bb6 35. Qd5 Qa2+
0-1

[Event "Drammen Smartfish Masters"]
[Site "Drammen"]
[Date "2005.01.02"]
[Round "6"]
[White "Nielsen, Peter Heine"]
[Black "Lie, Kjetil A"]
[Result "1-0"]
[WhiteElo "2663"]
[BlackElo "2474"]
[Annotator "Mikhalevski,V"]
[PlyCount "101"]
[EventDate "2004.12.27"]
[EventType "tourn"]
[EventRounds "9"]
[EventCountry "NOR"]
[EventCategory "14"]
[SourceTitle "CBM 105"]
[Source "ChessBase"]
[SourceDate "2005.04.11"]
[SourceVersion "1"]
[SourceVersionDate "2005.04.11"]
[SourceQuality "1"]

1. Nf3 g6 2. d4 Nf6 3. c4 Bg7 4. Nc3 d6 5. e4 O-O 6. Be2 c5 7. O-O cxd4 {
A typical switch from the Classical variation of the King's Indian to the
Maroczy system.} 8. Nxd4 Nc6 9. Nc2 {A not very ambitious continuation.} (9.
Be3 {is the main line.}) 9... Nd7 {[%cal Gd7c5,Gc5e6] Black brings the knight
to c5 to create a threat of Bxc3.} 10. Bd2 Nc5 11. b4 Ne6 12. Rc1 Ned4 {
The fashion of the last few years.} ({Earlier Black preferred} 12... a5 13. a3
axb4 14. axb4 Ned4 {A recent game with this line was analysed half a year ago.
See Fressinet,L-Maze,S, FRA-ch 2004/CBM103[Mikhalevski,V]}) 13. Nxd4 Nxd4 14.
Be3 Nxe2+ 15. Qxe2 b6 {This move is directed against c5, which is a typical
break in this position.} ({Other moves occuried in the games of Nogueiras who
left no chances to his opponents.} 15... Bxc3 $2 {This exchange doesn't look
like a good idea as it weakens the dark squares.} 16. Rxc3 $16 a5 17. b5 f6 (
17... b6 $5) 18. c5 dxc5 19. Rd1 Qe8 20. Bh6 $1 Rf7 21. Rcd3 Be6 22. Qd2 $1 $18
{[%csl Rg8][%cal Gd3d8] 1-0 Nogueiras,J-Zugic,I/Havana 2004/CBM 100 ext (55)
and Black can't stop Rd8 without giving up an exchange.}) (15... Be6 16. Rfd1
a5 17. b5 Qc7 $6 18. Nd5 Bxd5 19. cxd5 Qd7 20. a4 Rfc8 21. h3 Rxc1 22. Rxc1 Rc8
23. Rc4 $16 {[%cal Ge2c2] 0-1 Nogueiras,J-Krivoshey,S/Dos Hermanas 2003/EXT
2004 (66)}) (15... f5 16. exf5 Rxf5 17. Rfd1 Bxc3 $2 18. Rxc3 $16 a5 19. b5 b6
20. h4 Qc7 21. Bh6 Re5 22. Re3 Be6 23. Qb2 Bxc4 $2 24. f4 $18 {[%csl Rg8][%cal
Gb2g7] 1-0 Nogueiras,J-Alvarez,J/Holguin City 2002/CBM 089 (24)}) 16. Rfd1 {
[%cal Gc4c5]} Bb7 $1 {Black is not afraid of c5.} (16... Ba6 $5 {preventing c5
and trying to provoke b5.} 17. Bd4 Rc8 18. Nd5 $14) 17. Bd4 $1 $14 {White
exchanges Black's dark-squared bishop and obtains a slight advantage.} (17. c5
{is not dangerous, but Black has to be careful.} Rc8 (17... bxc5 18. bxc5 Qa5
19. Nd5 Bxd5 20. Rxd5 $14) (17... a5 18. Nd5 Bxd5 19. Rxd5 axb4 20. cxb6 $16 {
[%csl Gb6]}) 18. Nb5 bxc5 $1 (18... Ba6 $2 {is dangerous.} 19. c6 Qe8 20. Qc4)
19. bxc5 Ba6 $1 {[%csl Rb5,Re2]} 20. cxd6 (20. Rb1 Qa5 21. cxd6 exd6 22. Rxd6
Rfe8 {with counterplay.}) 20... Rxc1 21. Bxc1 exd6 {and a pair of bishops
compensates the weakness on d6.}) 17... Rc8 $2 {This inaccurate move allows
creating a weak pawn on d6.} ({The only preceding game saw} 17... Bxd4 18. Rxd4
Qc7 ({In case of} 18... a5 19. b5 {[%csl Rb6] Black may start to experience
problems with the b6-pawn.}) 19. h4 ({Also immediate} 19. Nd5 {deserves
attention.} Bxd5 20. exd5 {[%csl Re7][%cal Gd4e4,Gc1e1]}) 19... Rac8 ({Black
had to look for counterplay by means of} 19... a5 20. b5 Qc5) 20. h5 a6 $6 {
Too slow.} 21. Nd5 Bxd5 22. exd5 Rfe8 23. Re4 $16 {1-0 Aronian,L-Vorobiov,E/
Moscow 2004/CBM 100 (32). (32) and combining threats to e7-pawn with the mate
on g7 after h6 White won the game.}) ({Black could try to keep the bishop pair
with} 17... Bh6) 18. Bxg7 Kxg7 19. e5 $1 {[%csl Rd6]} Qe8 (19... a6 {
preventing attack of the d6-pawn from b5 was worth trying.}) 20. exd6 exd6 21.
Qxe8 Rfxe8 22. Nb5 $1 {[%csl Rd6] The d6-pawn is doomed.} Re2 23. Nxd6 Rb8 24.
Re1 Rxe1+ ({Black could try to keep active rook with} 24... Rxa2 25. Re7 Ba8
26. Rxf7+ Kg8 {although White still has good chances to realize his extra pawn.
}) ({while} 24... Rd2 25. Rcd1 Rxd1 26. Rxd1 {is not better than the game.})
25. Rxe1 $16 {An extra pawn should be sufficient for a win, but White still
has to show a good technique.} Kf8 26. Nxb7 $1 {A useful exchange. Otherwise
the bishop will prevail over the knight.} ({In case of} 26. f3 $6 Bc6 27. Kf2
Rd8 28. c5 bxc5 29. bxc5 Rb8 {Black obtains counterplay.}) 26... Rxb7 27. Kf1 {
and White left no chances and deservedly win.} Rd7 28. Ke2 Rd4 29. Rc1 f5 30.
Ke3 Re4+ 31. Kd3 Ke7 32. f3 $1 Re6 33. Rc2 {[%cal Gc2e2]} Kd7 34. Re2 Rf6 35.
Kc3 Rf7 36. a4 Kc7 37. b5 Rd7 38. h4 Kb7 39. Kb4 a5+ 40. Kc3 $1 Rc7 41. Re5 Rf7
42. f4 Kc7 43. Re6 Rd7 44. Rc6+ Kb7 45. Rf6 Re7 46. h5 Re4 47. Rf7+ Kb8 48. h6
$1 Rxf4 49. Rxh7 Rh4 50. g3 $1 Rh3 51. Kd4 {The king enters the game with a
decisive effect and so Black resigned.} (51. Kd4 Rxg3 $2 52. Rg7 {[%cal Gh6h7]}
) 1-0